书目信息 |
| 题名: |
电子管收音机电子管录音机电路图大全
|
|
| 作者: | 曹宇衡 编 | |
| 分册: | ||
| 出版信息: | 长沙 湖南科学技术出版社 1982 |
|
| 页数: | 400页 | |
| 开本: | 25cm | |
| 丛书名: | ||
| 单 册: | ||
| 中图分类: | TN859-64 | |
| 科图分类: | ||
| 主题词: | 电子管收音机-电路图 , 录音机-电路图 , 电路图-录音机 , 电路图-电子管收音机 | |
| 电子资源: | ||
| ISBN: | ||
| 000 | 00775nam0 2200265 45 | |
| 001 | 0182006784 | |
| 005 | 20060403165133.00 | |
| 010 | @dCNY2.70 | |
| 091 | @a15204.76 | |
| 100 | @a19950614d1982 em y0chiy0121 ea | |
| 101 | 0 | @achi |
| 102 | @aCN@b430000 | |
| 105 | @ay z 000yy | |
| 200 | 10 | @a电子管收音机电子管录音机电路图大全@Adian zi guan shou yin ji dian zi guan lu yin ji dian lu tu da quan@f曹宇衡编@Fcao yu heng bian |
| 210 | @a长沙@c湖南科学技术出版社@d1982 | |
| 215 | @a400页@d25cm | |
| 606 | @a电子管收音机-电路图 | |
| 606 | @a录音机-电路图 | |
| 606 | @a电路图-录音机 | |
| 606 | @a电路图-电子管收音机 | |
| 690 | @aTN859-64@v4 | |
| 701 | 0 | @a曹宇衡@Acao yu heng@4编 |
| 801 | 2 | @aCN@bNLC@c20060403 |
| 801 | 0 | @aCN@bTSSF |
| 905 | @a10447@dTN859-64@e37 | |
| 电子管收音机电子管录音机电路图大全/曹宇衡编.-长沙:湖南科学技术出版社,1982 |
| 400页;25cm |
| ISBN :CNY2.70 |
| ● |
| 相关链接 |
|
|
|
|
正题名:电子管收音机电子管录音机电路图大全
索取号:TN859-64/37
 
预约/预借
| 序号 | 登录号 | 条形码 | 馆藏地/架位号 | 状态 | 备注 |
| 1 | 0203581 | 202232798 | 密集书库/ [索取号:TN859-64/37] | 在馆 |